The children we remember : photographs from the Archives of Yad Vashem, the Holocaust Martyrs' and Heroes' Remembrance Authority, Jerusalem, Israel / by Chana Byers Abells
Text and photographs briefly describe the fate of Jewish children after the Nazis began to control their lives.
Record details
- ISBN: 0688063713
- ISBN: 0688063721
- Physical Description: [48] p. : chiefly ill. ; 25 cm
- Edition: 1st ed.
- Publisher: New York : Greenwillow Books, 1986
Available copies
- 1 of 1 copy available at Common Catalog SPOK.
Holds
- 0 current holds with 1 total copy.
Show Only Available Copies
| Location | Call Number / Copy Notes | Barcode | Shelving Location | Status | Due Date |
|---|---|---|---|---|---|
| Terezin Initiative Institute | 4984 | 4594304984 | Knihovna ITI | Available | - |
Electronic resources
Related Resource: http://www.loc.gov/catdir/description/hc044/85024876.html
- Publisher description
| LDR | 01378cam a2200313 a 4500 | ||
|---|---|---|---|
| 001 | 50156 | ||
| 003 | CZ-PrJAB | ||
| 005 | 20221123104552.0 | ||
| 008 | 851002s1986 nyua j 000 0 eng | ||
| 035 | . | ‡a(DLC) 85024876 | |
| 020 | . | ‡a0688063713 | |
| 020 | . | ‡a0688063721 | |
| 040 | . | ‡aDLC ‡cDLC ‡dDLC | |
| 100 | 1 | . | ‡aAbells, Chana Byers ‡4aut |
| 245 | 1 | 4. | ‡aThe children we remember : ‡bphotographs from the Archives of Yad Vashem, the Holocaust Martyrs' and Heroes' Remembrance Authority, Jerusalem, Israel / ‡cby Chana Byers Abells |
| 250 | . | ‡a1st ed. | |
| 260 | . | ‡aNew York : ‡bGreenwillow Books, ‡c1986 | |
| 300 | . | ‡a[48] p. : ‡bchiefly ill. ; ‡c25 cm | |
| 520 | . | ‡aText and photographs briefly describe the fate of Jewish children after the Nazis began to control their lives. | |
| 710 | 2 | . | ‡aYad ṿa-shem, rashut ha-zikaron la-Shoʾah ṿela-gevurah. |
| 856 | 4 | 2. | ‡3Publisher description ‡uhttp://www.loc.gov/catdir/description/hc044/85024876.html |
| 910 | . | ‡aABE340 ‡b4984 | |
| 995 | . | ‡aska | |
| 901 | . | ‡a50156 ‡bAUTOGEN ‡c50156 ‡tbiblio | |